[Event "International Championship of Central Se"]
[Site "Paracin, hotel "]
[Date "2012.07.07"]
[Round "2.28"]
[White "Dimitrijevic, Radmilo"]
[Black "Todorovic, Nenad I"]
[Result "1-0"]
[WhiteElo "2236"]
[BlackElo "2001"]
[PlyCount "79"]
[EventDate "2012.07.06"]

1. e4 c5 2. Nf3 d6 3. c3 Nf6 4. Be2 Nbd7 5. d3 b6 6. O-O Bb7 7. Re1 g6 8. Bf1
Bg7 9. a3 O-O 10. Nbd2 Qc7 11. d4 e5 12. d5 Nh5 13. a4 a6 14. Nc4 b5 15. Na3 b4
16. Nc4 a5 17. Bg5 Rfe8 18. Nfd2 h6 19. Be3 bxc3 20. bxc3 Ndf6 21. Qc2 Ng4 22.
Rab1 Bc8 23. Rb6 Bf8 24. Reb1 Qd8 25. Rb8 Rxb8 26. Rxb8 Qh4 27. Nf3 Nxe3 28.
Nxe3 Qe7 29. Nc4 Qc7 30. Qb3 Bd7 31. Rb7 Bxa4 32. Qxa4 Qxb7 33. Qxe8 Qb1 34.
Nxd6 Nf4 35. Qxf7+ Kh8 36. Qxf8+ Kh7 37. Qf7+ Kh8 38. Qe8+ Kh7 39. Qd7+ Kh8 40.
Qc8+ 1-0

[Event "International Championship of Central Se"]
[Site "Paracin, hotel "]
[Date "2012.07.07"]
[Round "2.29"]
[White "Zajic, Milan"]
[Black "Del Rio De Angelis, Salvador G"]
[Result "1/2-1/2"]
[WhiteElo "2151"]
[BlackElo "2547"]
[PlyCount "37"]
[EventDate "2012.07.06"]

1. e4 d6 2. d4 Nf6 3. Nc3 g6 4. Nf3 Bg7 5. h3 O-O 6. Be3 a6 7. Bd3 b5 8. a4 b4
9. Ne2 Nbd7 10. O-O Bb7 11. Ng3 c5 12. c3 a5 13. Re1 Qc7 14. Nd2 Nb6 15. Bb5 h5
16. cxb4 axb4 17. Rc1 Nbd7 18. dxc5 dxc5 19. Nb3 1/2-1/2

[Event "International Championship of Central Se"]
[Site "Paracin, hotel "]
[Date "2012.07.07"]
[Round "2.30"]
[White "Smirnov, Boris"]
[Black "Drenchev, Petar"]
[Result "*"]
[WhiteElo "2143"]
[BlackElo "2506"]
[PlyCount "113"]
[EventDate "2012.07.06"]

1. e4 c5 2. Nf3 d6 3. d4 cxd4 4. Nxd4 Nf6 5. Nc3 a6 6. Be2 e5 7. Nb3 Be7 8. g4
h6 9. Be3 Nbd7 10. Rg1 b5 11. h4 Bb7 12. Bf3 b4 13. g5 hxg5 14. hxg5 bxc3 15.
gxf6 Nxf6 16. bxc3 Kf8 17. Qd3 d5 18. Nc5 dxe4 19. Nxe4 Qxd3 20. cxd3 Nxe4 21.
Bxe4 Bxe4 22. dxe4 Rh4 23. f3 Rh2 24. Bf2 Rc8 25. Bg3 Bh4 26. Bxh4 Rxh4 27. Kd2
Rh2+ 28. Kd3 Rd8+ 29. Kc4 Rhd2 30. Rgf1 Ke7 31. a4 Rc8+ 32. Kb4 Rb2+ 33. Ka5
Rxc3 34. Kxa6 Rbb3 35. f4 Rc6+ 36. Ka7 Rc4 37. fxe5 Rxe4 38. a5 Rxe5 39. a6 f5
40. Rac1 Kf6 41. Rc7 g5 42. Rb7 Reb5 43. Ka8 Rxb7 44. axb7 f4 45. Rc1 g4 46.
b8=Q Rxb8+ 47. Kxb8 g3 48. Rc8 g2 49. Rg8 f3 50. Rf8+ Ke7 51. Rxf3 g1=Q 52. Rc3
Qb6+ 53. Kc8 Qa6+ 54. Kb8 Qb5+ 55. Kc8 Qf5+ 56. Kb7 Qd7+ 57. Ka8 *

[Event "International Championship of Central Se"]
[Site "Paracin, hotel "]
[Date "2012.07.07"]
[Round "2.31"]
[White "Tisma, Ivan"]
[Black "Maksimovic, Branimir"]
[Result "0-1"]
[WhiteElo "2134"]
[BlackElo "2452"]
[PlyCount "94"]
[EventDate "2012.07.06"]

1. Nf3 e6 2. c4 b6 3. g3 Bb7 4. Bg2 Nf6 5. O-O g6 6. Nc3 Bg7 7. Re1 Ne4 8. Nxe4
Bxe4 9. d3 Bb7 10. Bg5 Qc8 11. Qc1 h6 12. Bd2 d6 13. e4 c5 14. Rb1 Nc6 15. a3
Qd7 16. b4 Kf8 17. Bc3 Bxc3 18. Qxc3 e5 19. b5 Nd4 20. Nxd4 cxd4 21. Qb2 Kg7
22. a4 a6 23. f4 axb5 24. axb5 Ra7 25. Ra1 Rha8 26. Rxa7 Rxa7 27. Ra1 Bc8 28.
Ra3 Rxa3 29. Qxa3 Qg4 30. Qc1 Qe2 31. Bf1 Qa2 32. fxe5 dxe5 33. c5 Qb3 34. cxb6
Qc3 35. Qb1 Qc5 36. b7 Bxb7 37. b6 f5 38. Bg2 fxe4 39. h4 h5 40. dxe4 d3+ 41.
Kh2 d2 42. Qa1 Kf6 43. Qf1+ Ke7 44. Qb1 Qd4 45. Qd1 Kd6 46. Qc2 d1=Q 47. Qc7+
Ke6 0-1

[Event "International Championship of Central Se"]
[Site "Paracin, hotel "]
[Date "2012.07.07"]
[Round "2.32"]
[White "Battey, Alexander"]
[Black "Vucinic, Gojko"]
[Result "1/2-1/2"]
[WhiteElo "2396"]
[BlackElo "2150"]
[PlyCount "49"]
[EventDate "2012.07.06"]

1. e4 c5 2. Nc3 Nc6 3. Bb5 Nd4 4. Bc4 g6 5. Nf3 Bg7 6. Nxd4 cxd4 7. Qf3 Nf6 8.
Ne2 e5 9. O-O O-O 10. h3 b5 11. Bb3 Bb7 12. d3 d5 13. Ng3 h6 14. Bd2 Kh8 15.
Qe2 a5 16. a3 Qc7 17. Rac1 dxe4 18. dxe4 Ba6 19. Qf3 Nd7 20. c3 Qb6 21. Rfd1
Rad8 22. Bd5 Nf6 23. cxd4 Nxd5 24. exd5 Bb7 25. dxe5 1/2-1/2

[Event "International Championship of Central Se"]
[Site "Paracin, hotel "]
[Date "2012.07.07"]
[Round "2.33"]
[White "Irizanin, Radoje"]
[Black "Iliev, Dimitar"]
[Result "1-0"]
[WhiteElo "2344"]
[BlackElo "2137"]
[PlyCount "75"]
[EventDate "2012.07.06"]

1. Nf3 Nf6 2. d4 d6 3. Nbd2 c6 4. e4 Bg4 5. Bd3 e5 6. h3 Bxf3 7. Nxf3 Qc7 8.
O-O Be7 9. c3 O-O 10. Re1 Nbd7 11. Bg5 b5 12. Nh4 Rfe8 13. Nf5 Bf8 14. Qf3 g6
15. Nh6+ Kg7 16. Bc2 c5 17. dxc5 dxc5 18. Red1 Be7 19. a4 a6 20. g4 Rab8 21.
axb5 axb5 22. Bxf6+ Bxf6 23. g5 Re6 24. gxf6+ Kxh6 25. Rxd7 Qxd7 26. Qg4 g5 27.
f4 exf4 28. h4 Rg8 29. Bd1 gxh4 30. Qxg8 Rxf6 31. Qf8+ Kg6 32. Qg8+ Kh6 33.
Qf8+ Kg6 34. e5 f3 35. Qg8+ Kf5 36. exf6 f2+ 37. Kf1 Qd3+ 38. Be2 1-0

[Event "International Championship of Central Se"]
[Site "Paracin, hotel "]
[Date "2012.07.07"]
[Round "2.34"]
[White "Drobne, Marjan"]
[Black "Nikolic, Dragovan"]
[Result "0-1"]
[WhiteElo "2123"]
[BlackElo "2261"]
[PlyCount "54"]
[EventDate "2012.07.06"]

1. e4 c5 2. Nf3 Nc6 3. Bb5 Qb6 4. Bxc6 Qxc6 5. d3 d6 6. Nc3 e6 7. O-O Nf6 8. e5
Nd5 9. Ne4 dxe5 10. Nxe5 Qc7 11. f4 Be7 12. c4 Nf6 13. b3 Nxe4 14. dxe4 O-O 15.
Bb2 f6 16. Nd3 Bd7 17. Qe2 Rad8 18. Rad1 Rf7 19. Rf3 Bc6 20. Rh3 Bf8 21. f5
exf5 22. exf5 Re7 23. Qh5 h6 24. Bc1 Be4 25. Qg4 Bxd3 26. Bf4 Be2 27. Rxd8 Qxd8
0-1

[Event "International Championship of Central Se"]
[Site "Paracin, hotel "]
[Date "2012.07.07"]
[Round "2.35"]
[White "Selbes, Tarik"]
[Black "Colovic, Zoran"]
[Result "1-0"]
[WhiteElo "2257"]
[BlackElo "2129"]
[PlyCount "98"]
[EventDate "2012.07.06"]

1. e4 c5 2. Nf3 Nc6 3. d4 cxd4 4. Nxd4 Nf6 5. Nc3 e5 6. Ndb5 d6 7. Na3 Be6 8.
Bc4 Be7 9. Bg5 O-O 10. Bxf6 Bxf6 11. Nd5 Bg5 12. Nb5 Kh8 13. O-O Rc8 14. Bb3 a6
15. Nbc3 Nd4 16. Qd3 g6 17. f4 Bh6 18. f5 Bxd5 19. Nxd5 Qh4 20. c3 Nxb3 21.
axb3 Qg5 22. Rf3 Qd2 23. Qxd2 Bxd2 24. Raf1 Kg7 25. Kf2 Bg5 26. f6+ Kh8 27. Ke2
Rfe8 28. Rh1 Re6 29. h4 Bh6 30. h5 g5 31. g4 Rc5 32. b4 Rc4 33. Kd3 Rc8 34. Ra1
Bf8 35. Rff1 h6 36. Ra5 Ree8 37. Rfa1 Re6 38. c4 Rc6 39. b5 Rc5 40. bxa6 bxa6
41. Rxa6 Rxd5+ 42. cxd5 Rxf6 43. Ra8 Kg7 44. Re8 Rf3+ 45. Kd2 Rf4 46. Raa8 Rxe4
47. Rxf8 Rd4+ 48. Kc3 Rxd5 49. Rg8+ Kf6 1-0

[Event "International Championship of Central Se"]
[Site "Paracin, hotel "]
[Date "2012.07.07"]
[Round "2.36"]
[White "Dimic, Pavle"]
[Black "Cabarkapa, Novak"]
[Result "0-1"]
[WhiteElo "2116"]
[BlackElo "2254"]
[PlyCount "76"]
[EventDate "2012.07.06"]

1. d4 Nf6 2. Nf3 g6 3. c4 Bg7 4. g3 O-O 5. Bg2 d5 6. cxd5 Nxd5 7. O-O Nb6 8.
Nc3 Nc6 9. e3 Re8 10. Re1 a5 11. Qe2 e5 12. dxe5 Nxe5 13. Nxe5 Bxe5 14. e4 Be6
15. f4 Bxc3 16. bxc3 Bd5 17. Qf2 Bc6 18. f5 Na4 19. h4 Nxc3 20. Bb2 Nxe4 21.
Qc2 Qd5 22. fxg6 hxg6 23. Rac1 Rad8 24. Red1 Qc5+ 25. Qxc5 Rxd1+ 26. Rxd1 Nxc5
27. Bxc6 bxc6 28. Kf2 Na4 29. Bf6 Nb6 30. Rc1 Re6 31. Bc3 a4 32. Rb1 f5 33. Bd4
Nd5 34. Rb8+ Kf7 35. Ra8 Re4 36. Bc5 Rc4 37. Ba3 Rc2+ 38. Kf3 Rc3+ 0-1

[Event "International Championship of Central Se"]
[Site "Paracin, hotel "]
[Date "2012.07.07"]
[Round "2.37"]
[White "Debevec, Blaz"]
[Black "Mladenovic, Stefan"]
[Result "0-1"]
[WhiteElo "2083"]
[BlackElo "2236"]
[PlyCount "114"]
[EventDate "2012.07.06"]

1. e4 c5 2. Nc3 Nc6 3. f4 g6 4. Nf3 Bg7 5. Bb5 Nd4 6. O-O a6 7. Bc4 b5 8. Bd5
Rb8 9. a3 Nf6 10. e5 Nxd5 11. Nxd5 Nxf3+ 12. Qxf3 Bb7 13. Qd3 c4 14. Qd4 d6 15.
Ne3 dxe5 16. Qc3 Qd4 17. f5 Bh6 18. Qxd4 exd4 19. Ng4 Bg5 20. d3 Bxc1 21. Raxc1
gxf5 22. Rxf5 Rg8 23. Rf4 h5 24. Nh6 Rxg2+ 25. Kf1 Rxh2 26. Re1 Rh1+ 27. Kf2
Rxe1 28. Kxe1 Bd5 29. Rxd4 Be6 30. Rh4 cxd3 31. cxd3 Rd8 32. Rxh5 Rxd3 33. Nf5
Bxf5 34. Rxf5 Rb3 35. Rf2 e5 36. Rf5 Rxb2 37. Rxe5+ Kf8 38. a4 bxa4 39. Ra5 Ra2
40. Rxa6 Kg7 41. Kd1 f6 42. Kc1 Kg6 43. Kb1 Ra3 44. Kb2 Rb3+ 45. Kc2 Rb4 46.
Kd3 Kg5 47. Ke3 f5 48. Ra8 Rb3+ 49. Kf2 a3 50. Ra4 Kf6 51. Ra5 f4 52. Ke2 f3+
53. Kd2 f2 54. Ra8 Rb7 55. Ke2 Rb2+ 56. Kf1 a2 57. Kg2 f1=Q+ 0-1

[Event "International Championship of Central Se"]
[Site "Paracin, hotel "]
[Date "2012.07.07"]
[Round "2.38"]
[White "Milovanovic, Srboljub"]
[Black "Kalinic, Dusan"]
[Result "1-0"]
[WhiteElo "2217"]
[BlackElo "2082"]
[PlyCount "63"]
[EventDate "2012.07.06"]

1. d4 Nf6 2. c4 e6 3. Nf3 b6 4. g3 Ba6 5. Qa4 Be7 6. Bg2 Bb7 7. O-O O-O 8. Nc3
Ne4 9. Qc2 Nxc3 10. Qxc3 c5 11. Qd3 cxd4 12. Ng5 Bxg5 13. Bxb7 Bxc1 14. Raxc1
Nc6 15. Bxa8 Qxa8 16. c5 e5 17. Qc4 b5 18. Qd5 Qe8 19. a4 b4 20. Rc2 Kh8 21. f4
e4 22. Rd2 Qe6 23. Rxd4 Nxd4 24. Qxd4 Qb3 25. Rd1 Qxa4 26. Qxd7 Qc2 27. c6 e3
28. Kf1 Qe4 29. Qd5 Qc2 30. Qd8 Kg8 31. c7 Qe4 32. Kg1 1-0

[Event "International Championship of Central Se"]
[Site "Paracin, hotel "]
[Date "2012.07.07"]
[Round "2.39"]
[White "Gevorgyan, Maria"]
[Black "Blazeka, Matej"]
[Result "*"]
[WhiteElo "2040"]
[BlackElo "2216"]
[Annotator "Milojevic,Boban"]
[PlyCount "33"]
[EventDate "2012.07.06"]

1. e4 e5 2. Nf3 Nc6 3. Bc4 Bc5 4. b4 Bxb4 5. c3 Bd6 6. d4 Nf6 7. O-O O-O 8. Re1
h6 9. Qa4 Re8 10. Nbd2 a6 11. Bd3 Rb8 12. a3 b5 13. Qc2 Bf8 14. Nb3 d6 15. h3
Nh5 16. Bf1 Nf6 17. Qd1 {... necitko} *

[Event "International Championship of Central Se"]
[Site "Paracin, hotel "]
[Date "2012.07.07"]
[Round "2.40"]
[White "Ratkovic, Milovan"]
[Black "Banovic, Ivan"]
[Result "1/2-1/2"]
[WhiteElo "2214"]
[BlackElo "2072"]
[PlyCount "115"]
[EventDate "2012.07.06"]

1. d4 Nf6 2. Nf3 g6 3. Nc3 d5 4. Bf4 c6 5. e3 Bg7 6. Be2 O-O 7. Ne5 Nfd7 8. h4
Nxe5 9. Bxe5 f6 10. Bxb8 Rxb8 11. h5 e5 12. hxg6 hxg6 13. Qd2 Qa5 14. Nb1 Qxd2+
15. Nxd2 exd4 16. exd4 Re8 17. Kf1 Bf5 18. c3 Re7 19. g3 Rbe8 20. Bf3 Bd3+ 21.
Kg2 Be2 22. Rae1 Bxf3+ 23. Nxf3 Re2 24. Kf1 Rxe1+ 25. Nxe1 Kf7 26. f3 Rh8 27.
Rxh8 Bxh8 28. Nd3 Ke7 29. Ke2 Bg7 30. f4 Bf8 31. Kf3 Ke6 32. Nc1 Bh6 33. Nb3 b6
34. Na1 g5 35. Nc2 gxf4 36. gxf4 Bf8 37. Kg4 Bd6 38. Ne3 Bc7 39. b3 b5 40. Nc2
a5 41. b4 a4 42. Ne1 Bd8 43. Nd3 Be7 44. a3 Bd6 45. Nc5+ Ke7 46. Nb7 Bc7 47.
Kf5 Kd7 48. Nc5+ Ke7 49. Nd3 Kf7 50. Nf2 Bd6 51. Ng4 Bc7 52. Nxf6 Bxf4 53. Nd7
Bc1 54. Ne5+ Ke8 55. Nxc6 Bxa3 56. Ke6 Bb2 57. Kxd5 a3 58. Na5 1/2-1/2

[Event "International Championship of Central Se"]
[Site "Paracin, hotel "]
[Date "2012.07.07"]
[Round "2.41"]
[White "Jandric, Damjan"]
[Black "Persson, Richard"]
[Result "1-0"]
[WhiteElo "2010"]
[BlackElo "2193"]
[PlyCount "77"]
[EventDate "2012.07.06"]

1. e4 c5 2. Nf3 d6 3. c3 Nf6 4. h3 Nc6 5. Bd3 e5 6. Bc2 d5 7. d3 Be6 8. Qe2 d4
9. O-O a6 10. Nh4 Bd6 11. Nf5 Bxf5 12. exf5 Qd7 13. Qf3 h5 14. Nd2 Ne7 15. Nc4
Bc7 16. Re1 Nc6 17. Bf4 O-O-O 18. Bxe5 b5 19. Bxc7 Qxc7 20. Nd2 Rhe8 21. c4 Nb4
22. Bb3 Qb7 23. Qg3 h4 24. Qxh4 Nxd3 25. Rxe8 Rxe8 26. Qg3 Ne5 27. Re1 Qc7 28.
Qxg7 Qa5 29. Qxf6 Qxd2 30. Qxa6+ Kc7 31. Qa7+ Kd6 32. Qb6+ Nc6 33. Rxe8 Qc1+
34. Bd1 Qxd1+ 35. Kh2 Kd7 36. Rg8 bxc4 37. Qb7+ Kd6 38. Qxf7 Ke5 39. Qe6+ 1-0

[Event "International Championship of Central Se"]
[Site "Paracin, hotel "]
[Date "2012.07.07"]
[Round "2.42"]
[White "Chandra, Akshat"]
[Black "Katic, Goran"]
[Result "1-0"]
[WhiteElo "2179"]
[BlackElo "1989"]
[PlyCount "55"]
[EventDate "2012.07.06"]

1. e4 c6 2. d4 d5 3. Nc3 dxe4 4. Nxe4 Nd7 5. Bc4 Ngf6 6. Ng5 e6 7. Qe2 Nb6 8.
Bb3 h6 9. N5f3 c5 10. Bf4 Nbd5 11. Be5 Qa5+ 12. Nd2 b5 13. dxc5 Bxc5 14. Ngf3
O-O 15. O-O Ba6 16. Rfd1 Rac8 17. Ne4 b4 18. Qe1 Be7 19. a3 Qb6 20. Nxf6+ Nxf6
21. axb4 Bb7 22. c3 Bxf3 23. gxf3 Qb7 24. Qe3 Ra8 25. Bd4 a5 26. Bc2 Nd5 27.
Qe4 g6 28. c4 1-0

[Event "International Championship of Central Se"]
[Site "Paracin, hotel "]
[Date "2012.07.07"]
[Round "2.43"]
[White "Zarkovic, Mila"]
[Black "Ratkovic, Miloje"]
[Result "0-1"]
[WhiteElo "1996"]
[BlackElo "2176"]
[PlyCount "78"]
[EventDate "2012.07.06"]

1. e4 c6 2. d4 d5 3. Nc3 dxe4 4. Nxe4 Nf6 5. Nxf6+ gxf6 6. Nf3 Bf5 7. Bd3 Rg8
8. Bf4 e6 9. c3 Bg6 10. Bxg6 hxg6 11. Qe2 Qa5 12. Nd2 Nd7 13. Ne4 g5 14. Bd6
O-O-O 15. O-O f5 16. Bxf8 Nxf8 17. Nc5 Nd7 18. b4 Qc7 19. Nxd7 Rxd7 20. Rfe1
Rd5 21. Rad1 Rgd8 22. a4 Qe7 23. Rb1 Kb8 24. Rbd1 g4 25. g3 Qf6 26. Qe3 Ka8 27.
Qf4 e5 28. Qe3 f4 29. Qe4 Qh6 30. gxf4 exf4 31. Qg2 a6 32. Re7 f5 33. b5 f3 34.
Qf1 Rh8 35. h3 Qg5 36. Rde1 gxh3+ 37. Kh2 Rdd8 38. bxa6 f4 39. axb7+ Kb8 0-1

[Event "International Championship of Central Se"]
[Site "Paracin, hotel "]
[Date "2012.07.07"]
[Round "2.44"]
[White "Kovacevic, Bozidar"]
[Black "Marjanovic, Dejan"]
[Result "*"]
[WhiteElo "1915"]
[BlackElo "2169"]
[PlyCount "94"]
[EventDate "2012.07.06"]

1. e4 c5 2. c3 d5 3. e5 Nc6 4. d4 Bf5 5. Nf3 e6 6. dxc5 Bxc5 7. Bd3 Nge7 8. O-O
h6 9. b4 Bb6 10. Bxf5 Nxf5 11. Nbd2 g5 12. b5 Na5 13. Nb3 Nc4 14. Qe2 Rc8 15.
Nfd4 Bxd4 16. Nxd4 Nxd4 17. cxd4 Qb6 18. Be3 Qxb5 19. f4 gxf4 20. Rxf4 Rc7 21.
Rf6 h5 22. Raf1 Nd6 23. Qf3 Nf5 24. Bf2 Qc4 25. Rxf5 exf5 26. Qxf5 Qc2 27. Qf6
O-O 28. Be3 Qg6 29. Qf4 Rc2 30. Bd2 Qe4 31. Qg5+ Qg6 32. Qe3 Rc6 33. Rf3 Kh7
34. Rg3 Qb1+ 35. Kf2 Rg6 36. Qf3 Rxg3 37. Qxh5+ Kg8 38. hxg3 Qg6 39. Qh3 Kg7
40. Qd7 Qe6 41. Qxb7 Qf5+ 42. Kg1 Qd3 43. Bg5 Qxd4+ 44. Kh2 Qxe5 45. Bh4 Rh8
46. Kh3 d4 47. Qf3 Rh6 *

[Event "International Championship of Central Se"]
[Site "Paracin, hotel "]
[Date "2012.07.07"]
[Round "2.45"]
[White "Filipovic, Tomislav S"]
[Black "Grujic, Nebojsa"]
[Result "*"]
[WhiteElo "1865"]
[BlackElo "2156"]
[PlyCount "99"]
[EventDate "2012.07.06"]

1. g3 f5 2. Bg2 Nf6 3. Nf3 g6 4. d3 Bg7 5. O-O O-O 6. c4 d6 7. Nc3 e5 8. Bg5 h6
9. Bxf6 Qxf6 10. Nd5 Qf7 11. Qb3 c6 12. Nc3 Nd7 13. a4 g5 14. Qa3 Qe7 15. Nd2
Nf6 16. Bf3 Be6 17. Rac1 Rac8 18. Rfe1 Rfe8 19. e3 Qd7 20. b4 d5 21. c5 e4 22.
Be2 d4 23. Nd1 Rcd8 24. exd4 Qxd4 25. Rc3 Qd7 26. Ne3 Nd5 27. Nxd5 Qxd5 28. Rb3
Qd4 29. Nc4 f4 30. Bh5 fxg3 31. hxg3 Rf8 32. Re3 exd3 33. Nd2 Bxb3 34. Qxb3+
Qd5 35. Qa3 Qd4 36. Qb3+ Kh8 37. Bf7 Qc3 38. b5 Qxd2 39. bxc6 bxc6 40. Qe6 Rxf7
41. Qxf7 Qxe3 42. fxe3 d2 43. Qf3 d1=Q+ 44. Qxd1 Rxd1+ 45. Kg2 g4 46. Kf2 Rd2+
47. Ke1 Ra2 48. e4 Be5 49. Kd1 a5 50. Kc1 *